Juristas españoles de nuestro tiempo: Felipe Clemente de Diego, Ignacio de Casso Romero, Manuel de la Plaza Navarro, Nicolás Pérez Serrano, José Castán Tobeñas (Record no. 79160)

MARC details
000 -LEADER
campo de control de longitud fija 00750nam a2200181 i 4500
001 - NÚMERO DE CONTROL
campo de control 79160
003 - IDENTIFICADOR DE NÚMERO DE CONTROL
campo de control ES-MaACL
005 - FECHA Y HORA DE LA ÚLTIMA TRANSACCIÓN
campo de control 20231229063020.0
007 - CAMPO FIJO DE DESCRIPCIÓN FÍSICA--INFORMACIÓN GENERAL
campo de control de longitud fija t|
008 - DATOS DE LONGITUD FIJA--INFORMACIÓN GENERAL
campo de control de longitud fija 041020s1973 sp |||| |cspa d
100 1# - ENTRADA PRINCIPAL--NOMBRE DE PERSONA
Nombre de persona Hernández Gil, Antonio,
Fechas asociadas al nombre 1915-1994
9 (RLIN) 62943
245 10 - MENCIÓN DEL TÍTULO
Título Juristas españoles de nuestro tiempo: Felipe Clemente de Diego, Ignacio de Casso Romero, Manuel de la Plaza Navarro, Nicolás Pérez Serrano, José Castán Tobeñas
Resto del título : con un estudio previo sobre la situación científica y cultural del Derecho /
Mención de responsabilidad, etc. Antonio Hernández Gil.
260 ## - PUBLICACIÓN, DISTRIBUCIÓN, ETC.
Lugar de publicación, distribución, etc. [Madrid] :
Nombre del editor, distribuidor, etc. Sala,
Fecha de publicación, distribución, etc. [1973]
300 ## - DESCRIPCIÓN FÍSICA
Extensión 109 p. ;
Dimensiones 24 cm.
650 ## - PUNTO DE ACCESO ADICIONAL DE MATERIA--TÉRMINO DE MATERIA
Término de materia o nombre geográfico como elemento de entrada Abogados-
Subdivisión geográfica España-
Subdivisión general Biografías.
9 (RLIN) 9566
852 ## - LOCALIZACIÓN
Ubicación ES-MaACL
Número de control de estantería C-49254
Holdings
Estatus retirado Estado de pérdida Estado de daño No para préstamo Biblioteca de origen Biblioteca actual Ubicación en estantería Fecha de adquisición Fuente de adquisición Total de préstamos Signatura topográfica completa Código de barras Visto por última vez Precio de reemplazo Tipo de ítem Koha
        Biblioteca del Ateneo de Madrid Biblioteca del Ateneo de Madrid Depósito 2 17/01/2008     C-49254 1082785 23/02/2023 23/02/2023 Libro impreso